000 00728 a2200205 4500
005 20080828125815.0
008 080828t xxu||||| |||| 00| 0aeng d
010 _aENG-87365
020 _c250.00
_a9788123749334
035 _aEN-70898
037 _bDBAD / PUB
082 _a920
100 _aBhanumathy, K.P.
245 _aCandid conversations
_cby K.P. Bhanumathy
_bwith towering persons
260 _aNew Delhi
_bNational Book Trust, India
_c2007
270 _aA-5, Green Park
_bNew Delhi
_e110 016
300 _axvi, 245p.
_c22cm (Hb)
942 _adpl
_cEN
_k920 / BHA
_2ddc
_h920
_mBHA
999 _c6483
_d6483